Pokemon Champions arènes, conseil 4 etc. - Statistiques

Statistiques générales
  • Ce quiz a été pris 111 fois
    39 depuis la dernière actualisation
  • Le résultat moyen est 91 sur 140
Statistiques - réponses
Hint Réponse % Correct
Plante Erika
100%
Electrique Major bob
100%
Eau Ondine
100%
Dragon Peter
100%
Roche Pierre
100%
Combat Aldo
97%
Feu Auguste
97%
Poison Koga
97%
Feu Adrien
94%
Normal Blanche
94%
??? Blue
94%
Sol Giovanni
94%
Insecte Hector
94%
Acier Jasmine
94%
Psy Morgan
94%
Spectre Mortimer
94%
Glace Olga
94%
Combat Bastien
91%
Combat Chuck
91%
Eau Marc
91%
Normal Norman
91%
Dragon Sandra
91%
Spectre Agatha
88%
Vol Albert
88%
Glace Frédo
88%
Roche Pierrick
88%
Roche Roxanne
88%
Feu Adrianne
84%
Sol Bardane
84%
??? Cynthia
84%
Dragon Iris
84%
Psy Levy
84%
Eau Lovis
84%
Combat Melina
84%
??? Pierre Rochard
84%
Electrique Tanguy
84%
Psy Tatia
84%
Electrique Voltere
84%
Insecte Aaron
81%
Acier Charles
81%
Glace Glacia
81%
Glace Gladys
81%
Electrique Inezia
81%
Spectre Kimera
81%
Spectre Spectra
81%
Normal Tcheren
81%
Vol Alizée
78%
Normal Aloé
78%
Ténébres Damien
78%
Plante Flo
78%
??? Goyah
78%
Eau Juan
78%
Combat Kunz
78%
Psy Lucio
78%
Glace Zhu
78%
Dragon Aragon
75%
Vol Carolina
75%
Psy Clement
75%
??? Dianthéa
75%
Electrique Lem
75%
Ténébres Marion
75%
Eau Noa
75%
Poison Strykna
75%
Sol Terry
75%
Dragon Watson
75%
Insecte Artie
72%
Eau Narcisse
72%
Plante Rachid
72%
Feu Armando
69%
Combat Cornelia
69%
Dragon Dracena
69%
Roche Lino
69%
Ténèbres Peterson
69%
Glace Urup
69%
Eau Amana
66%
Spectre Anis
66%
Plante Barbara
66%
Feu Kiawe
66%
Feu Malva
66%
Combat Pectorius
66%
Insecte Violette
66%
Plante Amaro
63%
Psy Astera
63%
Feu Kabu
63%
Ténèbres Pieris
63%
Spectre Alistair
59%
Electrique Chrys
59%
Eau Dona
59%
Spectre Margie
59%
Psy Percila
59%
Acier Thyméo
59%
Fée Valeriane
59%
Roche Alyxia
56%
Ténébres Danh
56%
Insecte Guzma
56%
Electrique Mashynn
56%
Dragon Roy
56%
??? Tarak
56%
Combat Faiza
53%
Acier Molene
53%
Eau Nephie
53%
Plante Percy
53%
Fée Sally
53%
Psy Travis
53%
Roche Chaz
50%
Fée Oléa
50%
Ténèbres Rosemary
50%
Eau Kombu
47%
Normal Althéo
44%
Poison Apocyne
44%
Plante Colza
44%
Glace Lona
44%
Normal | Vol Okuba
44%
Sol Paulie
44%
??? Alisma
41%
Glace Grusha
41%
Spectre Laïm
41%
Sol Cayenn
38%
Psy Saturnin
38%
Insecte Éra
34%
Vol Kahili
34%
Acier Popi
34%
Psy Tully
34%
Acier Dhilan
31%
??? Kassis
31%
Dragon Solane
31%
Psy Saubohne
28%
Poison Sophora
28%
Dragon Hassa
25%
Acier Shehroz
25%
Tenebres Brome
22%
Dragon Irido
22%
Feu Meloco
19%
Fée Taro
19%
Acier Nérine
16%
Feu Rubépin
16%
Combat Nèphlie
13%
Poison Ério
9%
Fée Ortiga
9%
Aucun quiz correspondant
Distribution des résultats
% des personnes avec chaque résultat
Percentile par nombre de réponses
Votre historique - résultats
Vous n’avez pas pris ce quiz depuis la dernière actualisation